00373nam a22001337a 45000050016000000200011000160350013000270370013000401000018000532450092000712600038001633000019002017000019002202012052902002.0 c400.00 aA-998091 aDPLbENG aGupta, Rajesh aBharat's dishonour of cheques :b(Law and practice) /cby Rajesh Gupta and Gunjan Gupta aNew DelhibBharat Law Housec2000 a512p.c22 cms. aGupta, Gunjan